[Event "TV2 Fagernes International 2018"]
[Site "Scandic Hotel Fagernes"]
[Date "2018.03.25"]
[Round "6"]
[White "Shehzad, Shazil"]
[Black "Mjaaland, Bendik"]
[Result "1-0"]
[WhiteElo "1912"]
[BlackElo "1694"]
[PlyCount "83"]
[EventDate "2018.??.??"]

1. e4 e5 2. Nf3 Nc6 3. Nc3 Nf6 4. d4 exd4 5. Nxd4 Bb4 6. Nxc6 bxc6 7. Bd3 d5 8.
exd5 cxd5 9. O-O O-O 10. Bg5 c6 11. Qf3 Be7 12. Rae1 Re8 13. h3 h6 14. Bf4 Be6
15. Ne2 Bd6 16. Nd4 Bxf4 17. Nxe6 Bh2+ 18. Kxh2 Rxe6 19. Rxe6 fxe6 20. Qe3 Qd6+
21. f4 Rb8 22. b3 d4 23. Qg3 Nd5 24. Qg6 Nf6 25. g3 Rb5 26. Bxb5 cxb5 27. Qd3
Qc5 28. Re1 Qh5 29. Qxd4 Qf3 30. Qe3 Qh5 31. Qxe6+ Kh8 32. Qe2 Qc5 33. c4 bxc4
34. bxc4 a5 35. Rd1 Qb6 36. Qd3 g6 37. Qe2 Nh5 38. Rd2 a4 39. Qe5+ Ng7 40. c5
Qb5 41. Qd6 a3 42. c6
1-0

[Event "TV2 Fagernes International 2018"]
[Site "Scandic Hotel Fagernes"]
[Date "2018.03.25"]
[Round "6"]
[White "Melkevik, Johannes"]
[Black "Ranby, Hans"]
[Result "1/2-1/2"]
[WhiteElo "1865"]
[BlackElo "1902"]
[PlyCount "63"]
[EventDate "2018.??.??"]

1. e4 g6 2. d4 Bg7 3. Nc3 d6 4. f4 c6 5. Nf3 Bg4 6. Be2 Nf6 7. O-O O-O 8. e5
Nd5 9. Nxd5 cxd5 10. h3 Bxf3 11. Bxf3 e6 12. Qe1 Nc6 13. c3 Qe7 14. Be3 Rac8
15. Rc1 b5 16. Be2 b4 17. cxb4 dxe5 18. dxe5 Nxb4 19. Qf2 Qb7 20. a3 Nc6 21.
Bc5 Rfd8 22. b4 Bf8 23. Bd3 Bxc5 24. Rxc5 Ne7 25. Rfc1 Rxc5 26. Rxc5 Rc8 27.
Kf1 Kg7 28. Qc2 Rxc5 29. Qxc5 Nf5 30. Kf2 Qd7 31. Qb5 Qe7 32. Bxf5
1/2-1/2

[Event "TV2 Fagernes International 2018"]
[Site "Scandic Hotel Fagernes"]
[Date "2018.03.25"]
[Round "6"]
[White "Mansoor, Afras"]
[Black "Sidali, Elias Hulleberg"]
[Result "1/2-1/2"]
[WhiteElo "1898"]
[BlackElo "1840"]
[PlyCount "60"]
[EventDate "2018.??.??"]

1. c4 Nf6 2. g3 g6 3. Bg2 Bg7 4. Nc3 c6 5. Nf3 d5 6. d4 O-O 7. O-O dxc4 8. Ne5
Be6 9. Qa4 Qxd4 10. Nf3 Qd7 11. Ng5 Na6 12. Rd1 Qc8 13. Nxe6 Qxe6 14. Be3 Rfd8
15. Rxd8+ Rxd8 16. Bxa7 Ra8 17. Bd4 Rd8 18. Rd1 h5 19. h4 Ng4 20. Bxg7 Rxd1+
21. Qxd1 Kxg7 22. Qd4+ Qf6 23. Qb6 Qd6 24. Bf3 Qc5 25. Qxc5 Nxc5 26. Kg2 Ne5
27. Be4 f5 28. Bc2 Kf6 29. f3 e6 30. Kf2 Na6
1/2-1/2

[Event "TV2 Fagernes International 2018"]
[Site "Scandic Hotel Fagernes"]
[Date "2018.03.25"]
[Round "6"]
[White "Flatebø, Hallvard Haug"]
[Black "Gundersen, Ingvar"]
[Result "0-1"]
[WhiteElo "1684"]
[BlackElo "1888"]
[PlyCount "80"]
[EventDate "2018.??.??"]

1. d4 d5 2. Nf3 Nf6 3. g3 Bf5 4. Bg2 e6 5. O-O Nbd7 6. c4 Be7 7. Nc3 O-O 8. b3
h6 9. Bb2 c6 10. Rc1 Re8 11. Re1 Ne4 12. Ne5 Nxc3 13. Bxc3 Nxe5 14. dxe5 Ba3
15. Ra1 Qe7 16. e4 dxe4 17. Bxe4 Bh3 18. Qe2 Red8 19. Rad1 g6 20. Bd2 h5 21.
Be3 Kg7 22. Rxd8 Rxd8 23. Rd1 a6 24. Bd3 Bb4 25. Bc2 Rxd1+ 26. Qxd1 Bc5 27. Bd2
a5 28. Bxa5 Bxf2+ 29. Kxf2 Qc5+ 30. Kf3 Qxa5 31. Bb1 Qa3 32. Qd2 b5 33. cxb5
cxb5 34. Bd3 Qa7 35. Ke2 Bg4+ 36. Kf1 Qd4 37. Qc2 Qxe5 38. Kg2 Qe3 39. Be4 h4
40. Qd3 Bf3+ 
0-1

[Event "TV2 Fagernes International 2018"]
[Site "Scandic Hotel Fagernes"]
[Date "2018.03.25"]
[Round "6"]
[White "Fuglestein, Sander"]
[Black "Gjestemoen-Vonhirsch, Andre"]
[Result "1/2-1/2"]
[WhiteElo "1886"]
[BlackElo "1691"]
[PlyCount "23"]
[EventDate "2018.??.??"]

1. e4 c5 2. Nf3 Nc6 3. Bb5 Nf6 4. d3 Qa5+ 5. Nc3 Nd4 6. Bc4 b5 7. Bb3 Nxb3 8.
cxb3 Bb7 9. O-O e6 10. Qe2 Be7 11. Bd2 b4 12. Nd1
1/2-1/2

[Event "TV2 Fagernes International 2018"]
[Site "Scandic Hotel Fagernes"]
[Date "2018.03.25"]
[Round "6"]
[White "Lang, Gusztav Jr"]
[Black "Rolstad, Morten"]
[Result "1-0"]
[WhiteElo "1630"]
[BlackElo "1850"]
[PlyCount "71"]
[EventDate "2018.??.??"]

1. e4 e5 2. f4 exf4 3. Nf3 g5 4. Bc4 g4 5. O-O gxf3 6. Qxf3 Qf6 7. e5 Qxe5 8.
Bxf7+ Kxf7 9. d4 Qf5 10. Bxf4 Nf6 11. Nc3 d6 12. Rae1 Bg7 13. Ne4 Qg6 14. Nxd6+
cxd6 15. Qb3+ d5 16. Bd6 Bf8 17. Qxd5+ Kg7 18. Be5 Be7 19. Re3 Qf7 20. Rxf6
Bxf6 21. Rg3+ Kf8 22. Bd6+ Ke8 23. Re3+ Be7 24. Rxe7+ Qxe7 25. Bxe7 Kxe7 26.
Qe5+ Kd8 27. Qxh8+ Kc7 28. Qxh7+ Bd7 29. d5 Na6 30. h4 Re8 31. h5 Nc5 32. h6
Ne4 33. Qg7 Nd2 34. h7 Nc4 35. h8=Q Re1+ 36. Kf2
1-0

[Event "TV2 Fagernes International 2018"]
[Site "Scandic Hotel Fagernes"]
[Date "2018.03.25"]
[Round "6"]
[White "Tocklin, Tomi"]
[Black "Wright, Haakon"]
[Result "0-1"]
[WhiteElo "1844"]
[BlackElo "1798"]
[PlyCount "110"]
[EventDate "2018.??.??"]

1. e4 e5 2. Nf3 Nc6 3. Bb5 a6 4. Bxc6 dxc6 5. O-O f6 6. d4 exd4 7. Nxd4 c5 8.
Nb3 Qxd1 9. Rxd1 Bd7 10. Nc3 O-O-O 11. Be3 b6 12. a4 Ne7 13. a5 c4 14. Nd4 b5
15. b3 cxb3 16. Nxb3 Nc6 17. Bc5 Nb4 18. Bxf8 Rhxf8 19. Nd5 Nxd5 20. Rxd5 Bc6
21. Rxd8+ Rxd8 22. f3 Bb7 23. Kf1 Rd6 24. Ke1 Rc6 25. Kd2 Kd7 26. Rd1 Rd6+ 27.
Ke2 Rxd1 28. Kxd1 Kd6 29. Kd2 c5 30. Ke3 Bc8 31. f4 c4 32. Nd4 Kc5 33. c3 b4
34. cxb4+ Kxb4 35. e5 fxe5 36. fxe5 Kc5 37. e6 Kd6 38. Nf5+ Kxe6 39. Nxg7+ Kd5
40. Nh5 Kc5 41. Nf4 Kb4 42. Kd4 Bb7 43. g4 Bf3 44. g5 Kb3 45. h4 c3 46. Nd3 Bh5
47. Ke3 Kc2 48. Ne1+ Kd1 49. Nd3 Bg6 50. Nb4 c2 51. Na2 c1=Q+ 52. Nxc1 Kxc1 53.
Kd4 Kd2 54. Kc5 Ke3 55. Kb6 Kf4
0-1

[Event "TV2 Fagernes International 2018"]
[Site "Scandic Hotel Fagernes"]
[Date "2018.03.25"]
[Round "6"]
[White "Ski, Jonathan K"]
[Black "Leonhardsen, Vebjørn Maanum"]
[Result "0-1"]
[WhiteElo "1841"]
[BlackElo "1650"]
[PlyCount "42"]
[EventDate "2018.??.??"]

1. c4 c6 2. g3 d5 3. Bg2 Nf6 4. cxd5 cxd5 5. Nf3 Bf5 6. d3 e6 7. O-O Be7 8. Qb3
Qb6 9. Qxb6 axb6 10. Be3 Nbd7 11. Nc3 O-O 12. Nh4 Bg6 13. Nxg6 hxg6 14. Bg5
Rfc8 15. e4 d4 16. Nb5 e5 17. f4 Rc2 18. b3 Raxa2 19. fxe5 Rxg2+ 20. Kh1 Rxh2+
21. Kg1 Rag2#
0-1

[Event "TV2 Fagernes International 2018"]
[Site "Scandic Hotel Fagernes"]
[Date "2018.03.25"]
[Round "6"]
[White "Blazekovic, Nina"]
[Black "Bernstein, Jonas August"]
[Result "0-1"]
[WhiteElo "1825"]
[BlackElo "1637"]
[PlyCount "62"]
[EventDate "2018.??.??"]

1. e4 e6 2. d4 d5 3. e5 c5 4. c3 Qb6 5. Nf3 Nc6 6. a3 Nh6 7. b4 cxd4 8. cxd4
Nf5 9. Be3 Bd7 10. Be2 Rc8 11. O-O Be7 12. Ra2 f6 13. exf6 Bxf6 14. Rd2 O-O 15.
Bd3 Nce7 16. Re1 Bb5 17. g4 Nxe3 18. fxe3 Bxd3 19. Rxd3 Ng6 20. g5 Be7 21. h4
Qc7 22. Ne5 Nxe5 23. dxe5 Qxe5 24. e4 Bd6 25. Qe2 dxe4 26. Re3 Rf4 27. Nd2 Bc7
28. Nc4 Rg4+ 29. Qxg4 Qh2+ 30. Kf1 Rf8+ 31. Rf3 Rxf3+
0-1

[Event "TV2 Fagernes International 2018"]
[Site "Scandic Hotel Fagernes"]
[Date "2018.03.25"]
[Round "6"]
[White "Shehzad, Alisha"]
[Black "Sørensen, Simen"]
[Result "1/2-1/2"]
[WhiteElo "1598"]
[BlackElo "1821"]
[PlyCount "96"]
[EventDate "2018.??.??"]

1. e4 c5 2. Nc3 a6 3. a4 Nc6 4. f4 e6 5. Nf3 d5 6. d3 Nf6 7. g3 Be7 8. Bg2 O-O
9. O-O Qc7 10. Re1 Rd8 11. Kh1 dxe4 12. Nxe4 Nxe4 13. Rxe4 Bf6 14. Qe1 Bd7 15.
Ne5 Nb4 16. Qf2 Rac8 17. Qe2 g6 18. Qd1 Be8 19. Bd2 Nd5 20. Be1 Ne7 21. Bc3 Nd5
22. Be1 b6 23. Bf2 Ne7 24. Be1 Bc6 25. Re2 Bxg2+ 26. Kxg2 Nf5 27. Kg1 Nd4 28.
Re4 Bg7 29. Bc3 Nf5 30. Qf1 Nd6 31. Re3 Nf5 32. Re4 Ne7 33. Rae1 Rd5 34. Qg2
Rcd8 35. Qf2 Nf5 36. Qg2 Nd4 37. Qf2 Nc6 38. Qg2 Nxe5 39. Bxe5 Qd7 40. Bxg7
Kxg7 41. Qf2 Qc6 42. b3 Rd4 43. R1e2 h5 44. Re1 R8d5 45. R1e2 Qd7 46. Re5 Qd8
47. Rxd5 Rxd5 48. Re5 Qd6
1/2-1/2

[Event "TV2 Fagernes International 2018"]
[Site "Scandic Hotel Fagernes"]
[Date "2018.03.25"]
[Round "6"]
[White "Tenold, Andreas"]
[Black "Gjære, Vidar"]
[Result "0-1"]
[WhiteElo "1755"]
[BlackElo "1623"]
[PlyCount "88"]
[EventDate "2018.??.??"]

1. d4 f5 2. Bg5 c5 3. d5 Qb6 4. b3 Nf6 5. Nc3 h6 6. Bf4 Qb4 7. Qd2 g5 8. Be5
Bg7 9. a3 Qa5 10. Rb1 d6 11. b4 cxb4 12. axb4 Qd8 13. Bd4 O-O 14. g3 e5 15.
dxe6 Bxe6 16. Bg2 Nc6 17. Be3 d5 18. Nf3 Ne4 19. Nxe4 dxe4 20. Qxd8 Rfxd8 21.
Nd2 Bc3 22. Rd1 Nxb4 23. O-O Nxc2 24. Nb1 Rxd1 25. Rxd1 Nxe3 26. fxe3 Ba5 27.
Na3 a6 28. Rd6 Kf7 29. Nc2 Rd8 30. Rxd8 Bxd8 31. g4 b5 32. Nd4 Kf6 33. Bh3 Bb6
34. gxf5 Bxd4 35. exd4 Bxf5 36. Bf1 e3 37. Bg2 b4 38. Bd5 Be6 39. Be4 b3 40. d5
Bf5 41. Bxf5 Kxf5 42. d6 Ke6 43. d7 Kxd7 44. Kg2 b2
0-1

[Event "TV2 Fagernes International 2018"]
[Site "Scandic Hotel Fagernes"]
[Date "2018.03.25"]
[Round "6"]
[White "Strømhaug, Kristoffer Wang"]
[Black "Mella, Aage"]
[Result "1-0"]
[WhiteElo "1472"]
[BlackElo "1720"]
[PlyCount "136"]
[EventDate "2018.??.??"]

1. e4 c5 2. Nc3 Nc6 3. Nf3 d6 4. d3 g6 5. g3 Bg7 6. Bg2 Bd7 7. O-O a6 8. Be3
Nd4 9. Qd2 e5 10. Nd5 h6 11. c3 Nxf3+ 12. Bxf3 Ne7 13. Nxe7 Qxe7 14. d4 Qf6 15.
Bg2 cxd4 16. cxd4 exd4 17. Rad1 Bb5 18. Bxd4 Qxd4 19. Qxd4 Bxd4 20. Rxd4 Bxf1
21. Bxf1 Ke7 22. Bh3 b5 23. Rd2 Ra7 24. Rc2 Rb8 25. a3 a5 26. Bg2 Rbb7 27. Rc6
Rc7 28. Rb6 Rc1+ 29. Bf1 b4 30. axb4 axb4 31. Kg2 Raa1 32. Bd3 Rd1 33. Bc4 Ra7
34. Rxb4 Kf6 35. Bd5 Rd2 36. Kf3 Rc7 37. Bc4 Rc2 38. Bd3 R2c5 39. Ke3 Ke7 40.
b3 f6 41. Bc4 g5 42. g4 Ra5 43. Rb8 Ra3 44. Ke2 Ra2+ 45. Kf3 Rc2 46. Rh8 R7xc4
47. bxc4 Rc3+ 48. Kg2 Rxc4 49. f3 Ke6 50. Rxh6 Rd4 51. Kg3 d5 52. exd5+ Rxd5
53. h4 gxh4+ 54. Kxh4 Kf7 55. Rh7+ Kg6 56. Rh5 Rd1 57. Kg3 Rd4 58. Rh1 f5 59.
gxf5+ Kxf5 60. Rh5+ Kg6 61. Ra5 Rd6 62. Kg4 Rc6 63. f4 Rb6 64. Rg5+ Kh6 65.
Rh5+ Kg6 66. f5+ Kg7 67. Kg5 Rb7 68. Rh4 Rb1 
1-0

[Event "TV2 Fagernes International 2018"]
[Site "Scandic Hotel Fagernes"]
[Date "2018.03.25"]
[Round "6"]
[White "Unhjem, Bjørn Robert Løvoll"]
[Black "Wærstad, Leif E"]
[Result "1-0"]
[WhiteElo "1698"]
[BlackElo "1585"]
[PlyCount "41"]
[EventDate "2018.??.??"]

1. e4 c5 2. Nf3 Nc6 3. b3 d6 4. Bb2 Nf6 5. d3 Bg4 6. Be2 e5 7. Nbd2 Be7 8. Nc4
O-O 9. O-O Qc7 10. h3 Bh5 11. Ne3 Rad8 12. g4 Bg6 13. h4 h6 14. g5 hxg5 15.
hxg5 Nh5 16. Nd5 Qd7 17. Nxe5 Nxe5 18. Bxh5 f5 19. Bxe5 Bxh5 20. Qxh5 dxe5 21.
g6
1-0

[Event "TV2 Fagernes International 2018"]
[Site "Scandic Hotel Fagernes"]
[Date "2018.03.25"]
[Round "6"]
[White "Nordquelle, Amelia"]
[Black "Hina, Ariza"]
[Result "1-0"]
[WhiteElo "1683"]
[BlackElo "1570"]
[PlyCount "109"]
[EventDate "2018.??.??"]

1. d4 d5 2. c4 e6 3. Nf3 Nf6 4. Nc3 Nbd7 5. Bg5 Be7 6. e3 c6 7. c5 b6 8. b4 Bb7
9. Bd3 O-O 10. h3 a5 11. a3 axb4 12. axb4 Rxa1 13. Qxa1 Qa8 14. Qb2 bxc5 15.
bxc5 Ba6 16. Qc2 Bxd3 17. Qxd3 Qa1+ 18. Nb1 Rb8 19. O-O Qa2 20. Ne5 Rb3 21. Qd1
Nb8 22. Nd2 Rb7 23. Ndf3 Ne4 24. Bxe7 Rxe7 25. Qa1 Ra7 26. Qxa2 Rxa2 27. Rb1
Ra8 28. Rb6 Ra1+ 29. Kh2 Ra8 30. Nxc6 Nxc6 31. Rxc6 Nxf2 32. Ne5 f6 33. Nd7 Kf7
34. Rc7 Kg6 35. c6 Ne4 36. Nb6 Re8 37. Rd7 Nc3 38. c7 Nb5 39. c8=Q Rxc8 40.
Nxc8 f5 41. Kg3 Nc3 42. Kf4 Kf6 43. Nd6 g5+ 44. Kf3 h5 45. Ne8+ Kg6 46. Rg7+
Kh6 47. Re7 Kg6 48. Rxe6+ Kf7 49. Re5 Kg6 50. Nd6 f4 51. Re6+ Kg7 52. exf4 gxf4
53. Kxf4 h4 54. Kg4 Kh7 55. Kxh4 
1-0

[Event "TV2 Fagernes International 2018"]
[Site "Scandic Hotel Fagernes"]
[Date "2018.03.25"]
[Round "6"]
[White "Syse, Knut"]
[Black "Helgøy, Håkon Hembre"]
[Result "1-0"]
[WhiteElo "1671"]
[BlackElo "1483"]
[PlyCount "33"]
[EventDate "2018.??.??"]

1. Nf3 c5 2. c4 Nf6 3. Nc3 d5 4. cxd5 Nxd5 5. e3 g6 6. Bb5+ Bd7 7. Qb3 Nb4 8.
Ne5 e6 9. Nxd7 Nxd7 10. a3 Qa5 11. Rb1 Nc6 12. Bxc6 bxc6 13. Qb7 Rb8 14. Qxc6
Bg7 15. Ne4 Rb6 16. Nd6+ Kf8 17. Qxd7
1-0

[Event "TV2 Fagernes International 2018"]
[Site "Scandic Hotel Fagernes"]
[Date "2018.03.25"]
[Round "6"]
[White "Hestvik, Elias"]
[Black "Kaunonen, Jouni"]
[Result "1-0"]
[WhiteElo "1572"]
[BlackElo "1647"]
[PlyCount "75"]
[EventDate "2018.??.??"]

1. d4 d5 2. Nf3 e6 3. c4 Nf6 4. e3 c5 5. Nc3 Nc6 6. Be2 Be7 7. O-O O-O 8. b3
Qd7 9. Ne5 Nxe5 10. dxe5 Ne8 11. cxd5 exd5 12. Qxd5 Nc7 13. Qxd7 Bxd7 14. Bf3
Rab8 15. Bb2 Be6 16. Rfd1 b5 17. Nd5 Nxd5 18. Bxd5 Rfd8 19. Bxe6 fxe6 20. Kf1
a5 21. Ke2 Kf7 22. Rxd8 Rxd8 23. Rd1 Rd5 24. e4 Rxd1 25. Kxd1 Ke8 26. Kd2 Kd7
27. Kd3 Kc6 28. a4 Bf8 29. f4 g6 30. g4 Be7 31. f5 gxf5 32. exf5 exf5 33. axb5+
Kxb5 34. gxf5 Kb4 35. f6 Bf8 36. Kc2 c4 37. bxc4 Kxc4 38. e6
1-0

[Event "TV2 Fagernes International 2018"]
[Site "Scandic Hotel Fagernes"]
[Date "2018.03.25"]
[Round "6"]
[White "Sola, Roar"]
[Black "Stai, Sondre"]
[Result "1/2-1/2"]
[WhiteElo "1378"]
[BlackElo "1636"]
[PlyCount "67"]
[EventDate "2018.??.??"]

1. e4 c5 2. Nf3 e6 3. d4 cxd4 4. Nxd4 a6 5. c4 Bc5 6. Be3 d6 7. Nc3 Nf6 8. Be2
Nbd7 9. O-O O-O 10. Qd2 Qc7 11. Rac1 b6 12. a3 Bb7 13. b4 Bxd4 14. Qxd4 e5 15.
Qd3 Bc6 16. Rfd1 Ne8 17. Bg5 f6 18. Be3 Kh8 19. Nd5 Qd8 20. Bg4 Rb8 21. Rd2 a5
22. h4 b5 23. f3 bxc4 24. Qxc4 Bxd5 25. Qxd5 axb4 26. Bxd7 Qxd7 27. Rb1 Nc7 28.
Qxd6 Qxd6 29. Rxd6 bxa3 30. Ra1 Rfc8 31. Rd3 Nb5 32. Bc1 Nd4 33. Bxa3 Nc2 34.
Rc1
1/2-1/2

[Event "TV2 Fagernes International 2018"]
[Site "Scandic Hotel Fagernes"]
[Date "2018.03.25"]
[Round "6"]
[White "Gaure, Sigurd Lauvas"]
[Black "Rynning, Rune Kleiven"]
[Result "1-0"]
[WhiteElo "1552"]
[BlackElo "1567"]
[PlyCount "99"]
[EventDate "2018.??.??"]

1. e4 c5 2. Nf3 g6 3. d4 cxd4 4. Nxd4 Nc6 5. Bc4 Bg7 6. Be3 Nf6 7. Nc3 O-O 8.
Qd2 Ng4 9. Nxc6 dxc6 10. f3 Nxe3 11. Qxe3 Qa5 12. O-O-O Bxc3 13. Qxc3 Qxc3 14.
bxc3 b5 15. Bb3 Be6 16. Bxe6 fxe6 17. Rd7 Kf7 18. Rhd1 Rfc8 19. Rb7 Rcb8 20.
Rc7 Rc8 21. Rdd7 Rxc7 22. Rxc7 a6 23. Rxc6 Ra7 24. f4 Rd7 25. a3 e5 26. fxe5
Kg7 27. Rxa6 Rc7 28. Kb2 Rc5 29. e6 Kf6 30. Kb3 Ke5 31. Rb6 g5 32. g3 h5 33. h4
g4 34. c4 bxc4+ 35. Kb4 Rc8 36. Rb5+ Kxe4 37. Rxh5 Kf3 38. Rh7 Kxg3 39. Rxe7
Kh2 40. Rg7 g3 41. h5 g2 42. a4 Rc7 43. Rg6 c3 44. h6 Re7 45. Kxc3 Rxe6 46. h7
Rxg6 47. h8=Q+ Kg3 48. Qe5+ Kg4 49. Qe2+ Kg3 50. Qd3+
1-0

[Event "TV2 Fagernes International 2018"]
[Site "Scandic Hotel Fagernes"]
[Date "2018.03.25"]
[Round "6"]
[White "Lie, Terje"]
[Black "Smedsrud, Morten S"]
[Result "0-1"]
[WhiteElo "1503"]
[BlackElo "1349"]
[PlyCount "152"]
[EventDate "2018.??.??"]

1. d4 Nf6 2. c4 e6 3. Nf3 d5 4. e3 Nbd7 5. Nc3 Be7 6. Qc2 b6 7. cxd5 exd5 8.
Be2 O-O 9. O-O Re8 10. Nb5 c5 11. a3 Bb7 12. Ng5 h6 13. Nf3 a6 14. Nc3 Rc8 15.
Bd2 cxd4 16. Nxd4 Bf8 17. Rfc1 Nc5 18. Qd1 Qd7 19. b4 Nce4 20. Na4 Qd6 21. Be1
Re5 22. Rxc8 Bxc8 23. Rc1 Bd7 24. Nc3 Rg5 25. f4 Rg6 26. Bh5 Nxh5 27. Qxh5 Nf6
28. Qe2 Bg4 29. Qxa6 Bh5 30. Na4 Qd7 31. Nxb6 Qh3 32. g3 Ng4 33. Qe2 Rxb6 34.
Bd2 Ra6 35. Nb5 Re6 36. Nd4 Re4 37. Qg2 Qxg2+ 38. Kxg2 Nxe3+ 39. Bxe3 Rxe3 40.
Ra1 Be7 41. Nc6 Bf6 42. Ne5 Bxe5 43. fxe5 Rxe5 44. b5 d4 45. Rb1 Bg6 46. Rb2
Re7 47. b6 d3 48. Kf2 Be4 49. a4 Rd7 50. Ke3 f5 51. a5 d2 52. Rxd2 Rxd2 53.
Kxd2 Bb7 54. Kd3 g5 55. Kd4 Kf7 56. Ke5 Kg6 57. h3 h5 58. h4 gxh4 59. gxh4 Ba6
60. Kd4 Kf6 61. Kd5 Bb7+ 62. Kd4 Ke6 63. Kc4 f4 64. Kb5 f3 65. a6 Bxa6+ 66.
Kxa6 f2 67. b7 f1=Q+ 68. Kb6 Qb1+ 69. Kc7 Qc2+ 70. Kb6 Qb3+ 71. Ka7 Qa4+ 72.
Kb6 Qb4+ 73. Kc6 Qd6+ 74. Kb5 Qb8 75. Kc6 Kf5 76. Kb6 Kg4 
0-1

[Event "TV2 Fagernes International 2018"]
[Site "Scandic Hotel Fagernes"]
[Date "2018.03.25"]
[Round "6"]
[White "Odden, Jan Ove"]
[Black "Ji, Jiahao Eric"]
[Result "0-1"]
[WhiteElo "1500"]
[BlackElo "1462"]
[PlyCount "84"]
[EventDate "2018.??.??"]

1. d4 Nf6 2. c4 g6 3. Nc3 Bg7 4. e4 d6 5. Nf3 O-O 6. Be2 e5 7. d5 h6 8. O-O
Nbd7 9. b4 Ne8 10. Ne1 f5 11. f3 f4 12. Nd3 a6 13. c5 Ndf6 14. Bd2 Bd7 15. Rc1
g5 16. cxd6 cxd6 17. Nf2 h5 18. h3 h4 19. Bd3 Qb6 20. Ne2 Nh5 21. Kh1 Ng3+ 22.
Nxg3 hxg3 23. Ng4 Nf6 24. a4 Qd4 25. Qe2 Nxg4 26. fxg4 Bxa4 27. Rc7 Rf7 28.
Rfc1 Rxc7 29. Rxc7 Qb6 30. Rc1 Bf6 31. Be1 Bd8 32. Qf3 Qa7 33. h4 gxh4 34. g5
Qe3 35. Qxe3 fxe3 36. Kg1 Bb6 37. Be2 Rf8 38. Bf3 e2+ 39. Kh1 Bd1 40. Bd2 Rxf3
41. gxf3 e1=Q+ 42. Bxe1 Bxf3#
0-1

[Event "TV2 Fagernes International 2018"]
[Site "Scandic Hotel Fagernes"]
[Date "2018.03.25"]
[Round "6"]
[White "Larsen, Per Magnus"]
[Black "Evenshaug, Amadeus Hestvik"]
[Result "0-1"]
[WhiteElo "1357"]
[BlackElo "1327"]
[PlyCount "82"]
[EventDate "2018.??.??"]

1. d4 Nf6 2. c4 c5 3. d5 b5 4. cxb5 a6 5. bxa6 Bxa6 6. Qc2 d6 7. b3 g6 8. Nd2
Bg7 9. Bb2 O-O 10. e3 Bxf1 11. Nxf1 Nxd5 12. Bxg7 Kxg7 13. Nf3 Nb4 14. Qc3+ f6
15. a3 Nd5 16. Qb2 Nc6 17. N1d2 Qc7 18. O-O Rfb8 19. Nc4 Nb6 20. Rfc1 Nxc4 21.
Rxc4 Na5 22. Rc3 c4 23. b4 Qa7 24. Nd4 e5 25. Nc2 Nb3 26. Ra2 d5 27. Na1 Nc5
28. Qe2 Rxb4 29. f3 Rb1+ 30. Kf2 e4 31. fxe4 Nxe4+ 32. Kf3 Nxc3 33. Qc2 Rf1+
34. Kg3 Qc7+ 35. Kh3 Qd7+ 36. Kg3 Qd6+ 37. Kh3 Qe6+ 38. g4 Qxe3+ 39. Kh4 g5+
40. Kh5 Qe8+ 41. Qg6+ hxg6#
0-1

[Event "TV2 Fagernes International 2018"]
[Site "Scandic Hotel Fagernes"]
[Date "2018.03.25"]
[Round "6"]
[White "Ji, Jiabao Eivind"]
[Black "Skotheim, Håvard"]
[Result "0-1"]
[WhiteElo "1192"]
[BlackElo "1324"]
[PlyCount "128"]
[EventDate "2018.??.??"]

1. e4 e6 2. d4 d5 3. e5 c5 4. c3 Qb6 5. Nf3 Nc6 6. a3 cxd4 7. cxd4 Nge7 8. Be2
Bd7 9. O-O Nf5 10. Re1 Nfxd4 11. Nxd4 Nxd4 12. Be3 Nxe2+ 13. Qxe2 Bc5 14. Bxc5
Qxc5 15. Nd2 Rc8 16. b4 Qc3 17. Rec1 Qxc1+ 18. Rxc1 Rxc1+ 19. Nf1 O-O 20. Qe3
Rfc8 21. Qxa7 Bb5 22. h3 Rxf1+ 23. Kh2 Bd3 24. Qxb7 Rfc1 25. b5 R1c7 26. Qb6 h6
27. a4 Rc5 28. Qa5 d4 29. Qd2 Rc3 30. Qf4 R8c4 31. Qd2 Rxa4 32. Qb2 Ra5 33. b6
Ra8 34. b7 Rb8 35. Qb6 Be4 36. Qb4 Rd3 37. Qe1 Bxb7 38. Qe2 Ba6 39. Qe4 Rd2 40.
Qc6 Ra2 41. Qd6 Rbb2 42. Qxd4 Rxf2 43. Qd8+ Kh7 44. Qa8 Rxg2+ 45. Qxg2 Rxg2+
46. Kxg2 Kg6 47. Kf3 Kf5 48. h4 h5 49. Kg3 Kxe5 50. Kf3 f5 51. Ke3 Bb7 52. Ke2
Kf4 53. Kf2 e5 54. Ke2 Kg3 55. Kf1 f4 56. Ke2 Kg2 57. Ke1 f3 58. Kd2 f2 59. Kd3
f1=Q+ 60. Kc3 Bd5 61. Kb4 Qc4+ 62. Ka5 Qc5+ 63. Ka4 Qb6 64. Ka3 Qb3# 
0-1

[Event "TV2 Fagernes International 2018"]
[Site "Scandic Hotel Fagernes"]
[Date "2018.03.25"]
[Round "6"]
[White "Ruud, Christian Holmboe"]
[Black "Skrede, Alexander"]
[Result "0-1"]
[WhiteElo "1252"]
[BlackElo "1242"]
[PlyCount "94"]
[EventDate "2018.??.??"]

1. d4 d5 2. Bf4 Nf6 3. Nf3 e6 4. Nbd2 Bd6 5. Bxd6 Qxd6 6. e3 O-O 7. Ne5 Nbd7 8.
Nd3 b6 9. Be2 Bb7 10. Nf3 c5 11. c3 Ne4 12. O-O f6 13. Rc1 c4 14. Nde1 f5 15.
Nd2 Rf6 16. f4 g5 17. Nxe4 fxe4 18. g3 Raf8 19. Ng2 Kh8 20. Bh5 gxf4 21. exf4
Rh6 22. Qe2 Nf6 23. Bg4 Rg8 24. Bh3 Rxh3 25. Nh4 Rxh4 26. Rf2 Rxf4 27. Rcf1
Rxf2 28. Rxf2 Rf8 29. Qd2 Ng4 30. Rxf8+ Qxf8 31. Qe2 Qf3 32. Qg2 Qxg2+ 33. Kxg2
e3 34. Kf3 Nxh2+ 35. Kxe3 Nf1+ 36. Kf4 Nxg3 37. Kxg3 Kg7 38. Kg4 Kg6 39. a3 h5+
40. Kf4 Kf6 41. a4 a5 42. Kg3 Kf5 43. Kh4 Ke4 44. Kxh5 Kd3 45. Kg5 Kc2 46. Kf6
Kxb2 47. Kxe6 Kxc3 
0-1

[Event "TV2 Fagernes International 2018"]
[Site "Scandic Hotel Fagernes"]
[Date "2018.03.25"]
[Round "7"]
[White "Melaa, Sondre Lillestøl"]
[Black "Mihajlov, Svetoslav"]
[Result "1/2-1/2"]
[WhiteElo "1844"]
[BlackElo "2197"]
[PlyCount "148"]
[EventDate "2018.??.??"]

1. d4 g6 2. Nc3 Bg7 3. e4 d6 4. Nf3 c6 5. Bg5 Nd7 6. Qd2 b5 7. Bd3 Nb6 8. O-O
h6 9. Be3 a6 10. h3 Nf6 11. e5 Nfd5 12. exd6 exd6 13. Nxd5 Nxd5 14. Rfe1 Kf8
15. Bf4 Nxf4 16. Qxf4 Bf6 17. Be4 d5 18. Bd3 Kg7 19. Ne5 Bd7 20. c3 a5 21. b3
Rc8 22. a4 Re8 23. Nxd7 Rxe1+ 24. Rxe1 Qxd7 25. Ra1 Qd8 26. Qf3 Rb8 27. Rb1 b4
28. c4 Bxd4 29. Rd1 Qf6 30. cxd5 cxd5 31. Qxd5 Qxf2+ 32. Kh1 Re8 33. Qf3 Re1+
34. Rxe1 Qxe1+ 35. Qf1 Qe3 36. Bc4 f5 37. Kh2 Be5+ 38. Kh1 Qg3 39. Kg1 Bd4+ 40.
Kh1 Qe3 41. Qd1 h5 42. Be2 Kh6 43. Bf3 h4 44. Be2 Kg5 45. Bf3 Qf4 46. Qd3 Qc1+
47. Qd1 Qe3 48. Be2 Kf6 49. Bf3 g5 50. Be2 Ke5 51. Bf3 Kf4 52. Be2 Ke5 53. Bf3
Kf6 54. Be2 Bc5 55. Qd8+ Be7 56. Qh8+ Ke6 57. Qc8+ Ke5 58. Qb8+ Kd4 59. Qb6+
Bc5 60. Qf6+ Qe5 61. Qxe5+ Kxe5 62. Bc4 Kf4 63. Bd5 g4 64. hxg4 fxg4 65. Bc4
Kg3 66. Bd5 h3 67. gxh3 Kxh3 68. Bc6 Kg3 69. Bd5 Kf2 70. Bc6 g3 71. Bd5 Ke3 72.
Kg2 Bd6 73. Bc4 Kd4 74. Bg8 Ke5 
1/2-1/2

[Event "TV2 Fagernes International 2018"]
[Site "Scandic Hotel Fagernes"]
[Date "2018.03.25"]
[Round "7"]
[White "Vitenberg, Noam Aviv"]
[Black "Aroven, Mikael"]
[Result "1-0"]
[WhiteElo "1975"]
[BlackElo "2121"]
[PlyCount "89"]
[EventDate "2018.??.??"]

1. d4 Nf6 2. c4 e6 3. Nc3 Bb4 4. Nf3 O-O 5. e3 c5 6. Bd3 d6 7. Qc2 Re8 8. O-O
Nbd7 9. Rd1 a6 10. b3 Qe7 11. Bb2 Nf8 12. e4 cxd4 13. Nxd4 Bd7 14. Rac1 Bc5 15.
Nce2 Ng6 16. Nf3 Ng4 17. Bd4 N6e5 18. Nxe5 dxe5 19. Bxc5 Qxc5 20. Nc3 Bc6 21.
Qb2 Red8 22. b4 Qa7 23. c5 b5 24. Ra1 Qb7 25. Qb3 Nf6 26. f3 a5 27. Bf1 Rd4 28.
a3 h6 29. Ne2 Rdd8 30. Qb2 Qc7 31. Nc3 Rab8 32. Rxd8+ Rxd8 33. Bxb5 Rb8 34.
Bxc6 Qxc6 35. Rb1 Rd8 36. Qf2 Rd4 37. Ne2 Rc4 38. Qe3 axb4 39. axb4 Qb5 40. Qb3
Rd4 41. Nxd4 exd4 42. Rc1 Qe2 43. Rd1 e5 44. c6 Qb5 45. Rc1
1-0